Statystyki dla Harry Potter - miejsca

Kliknij tutaj aby rozwiązać quiz!

Ogólne statystyki

  • Ten quiz został rozwiązany 2 641 razy
  • Średni wynik to 11 z 27

Statystyki odpowiedzi

PodpowiedźMiejsce% Poprawnych
Szkoła do której uczęszczał Harry PotterHogwart
99%
Miejsce, które zamieszkiwał bazyliszekKomnata Tajemnic
80%
Magiczna ulica znajdująca się w LondynieUlica {Pokątna}
80%
Więzienie, w którym trzymano Syriusza BlackaAzkaban
78%
Bank w świecie czarodziejówBank {Gringotta}
70%
Dom, w którym mieszkała rodzina WeasleyówNora
60%
Miejsce, w którym żyli rodzice HarregoDolina Godryka
55%
Odbyło się tam trzecie zadanie Turnieju TrójmagicznegoLabirynt
53%
Ulica, na której mieszkała rodzina DursleyówPrivet Drive
53%
Pozostałe szkoły, które brały udział w Turnieju TrójmagicznymDurmstrang
50%
Puszcza kryjąca w sobie mnóstwo sekretów i potencjalnych
zagrożeń dla ludzi
Zakazany las
50%
Stacja w Londynie, na której znajduje się peron 9 ¾King's Cross
49%
Najbardziej „nawiedzany” przez duchy dom w całej AngliiWrzeszcząca Chata
46%
Czarodziejska wioska zamieszkana całkowicie przez
osoby posiadające magiczne zdolności
Hogsmeade
40%
Pub znajdujący się na tej ulicyDziurawy Kocioł
39%
Posiadłość Billa i Fleur. Miejsce, w którym skryli się
członkowie Zakonu Feniksa
Muszelka
36%
Pub znajdujące się w tej wioscePub pod {Trzema Miotłami}
36%
Karczma, została tam utworzona Gwardia Dumbledore'aGospoda Pod {Świńskim Łbem}
30%
Pozostałe szkoły, które brały udział w Turnieju TrójmagicznymBeauxbatons
26%
Miejsce, w którym Tom Marvolo Riddle ukrył Medalion
Salazara Slytherina
Jaskinia Horkruksa
23%
Cukiernia, którą uczniowie bardzo lubili odwiedzaćMiodowe Królestwo
21%
Królestwo żartobliwych niespodzianek i ulubiony sklep Freda
i George'a Weasleyów
Sklep {Zonka}
20%
Budynek niewidoczny dla mugoli, zamieszkiwany
przez rodzinę Blacków, siedziba Zakonu Feniksa
Grimmuald Place 12
16%
Miejsce, w którym dementorzy zaatakowali Harry'ego Pottera
i jego kuzyna Dudleya
Little Whinging
11%
Miejsce spoczynku Albusa Dumbledore'aBiały Grobowiec
5%
Sklep z sowami oraz z akcesoriami do opieki nad nimiCentrum Handlowe {Eeylopa}
5%
Cmentarz, na którym pochowana była rodzina Riddle,
miejsce odrodzenia Lorda Voldemorta i śmierci Cedrica
Cmentarz w Little Hangleton
2%

Rozkład punktacji

Percentyl według liczby udzielonych odpowiedzi

Procent ludzi z każdym wynikiem

Twoja historia wyników

Nie rozwiązałeś tego quizu